000 01679nam a22004217a 4500
003 CHAP
005 20220329143512.0
008 100301s2009 mx r 00010 spa d
010 _a97640
011 _a98612
035 _a109297
040 _cCHAP
090 _aTesis
100 1 _aSantillano Melendez, Francisco Javier
_9102419
245 1 0 _aAminoácidos excitadores, folículos antrales y hormona de crecimiento en cabras bajo fotoperíodos decrecientes
_c/por Francisco Javier Santillano Melendez
260 _aBermejillo, Durango. :
_bEl autor,
_c2009
300 _axiii 68 h. :
_bcuadros, figuras, gráfs.
502 _aTesis (Ing. Agr. en Sistemas Pecuarios de Zonas Áridas) -- UACH. Unidad Regional Universitaria de Zonas Áridas
530 _aTambién disponible en línea
590 _aALEPH
_b10
_c20130110
_lUCH01
_h1532
590 _aBATCH-UPD
_b10
_c20130110
_lUCH01
_h1153
590 _aBATCH-UPD
_b10
_c20130410
_lUCH01
_h0737
590 _aBATCH-UPD
_b10
_c20130914
_lUCH01
_h0932
590 _aBATCH-UPD
_b10
_c20140324
_lUCH01
_h1514
590 _aBATCH-UPD
_b10
_c20141002
_lUCH01
_h0841
590 _aCONVERSION
_b10
_c20130109
_lUCH01
_h1354
650 1 4 _aAminoacidos.
_95340
650 1 4 _aCiclo estrual.
_923072
650 1 4 _aDietas.
_932541
650 1 4 _aFotoperíodo.
_942735
650 1 4 _aGanado cabrío
_xDurango.
_945004
650 1 4 _aHormonas en nutrición animal.
_956239
856 _3Finding aid
_uhttp://10.13.5.2/tesis/109297.pdf
_zTeclea aqui
901 _aBK
942 _cFOLL
949 _aTesis
_bBC
_cTES
_d33724002133751
_eTS1
_gDonaciØn
_h50068
_i109297
_sb
949 _aTesis
_bBC
_cTES
_d33724002133793
_eTS2
_fc.2
_gDonaciØn
_h50069
_i109297
_sb
999 _c97640
_d97640